<?xml version="1.0" encoding="UTF-8"?>
<collection xmlns="http://www.loc.gov/MARC21/slim">
 <record>
  <leader>00836cam a2200205 7i4500</leader>
  <controlfield tag="001">0000022280</controlfield>
  <controlfield tag="005">20020603090000.0</controlfield>
  <datafield tag="020" ind1="#" ind2="0">
   <subfield code="a">1573562882 </subfield>
  </datafield>
  <datafield tag="090" ind1="0" ind2="0">
   <subfield code="a">Z 1223 </subfield>
   <subfield code="b">Z7 S439 2001</subfield>
  </datafield>
  <datafield tag="100" ind1="1" ind2="#">
   <subfield code="a">Sears </subfield>
  </datafield>
  <datafield tag="245" ind1="1" ind2="0">
   <subfield code="a">Using government information sources : </subfield>
   <subfield code="b">electronic and print  </subfield>
   <subfield code="c">Jean L. Sears &amp; Marilyn K. Moody.</subfield>
  </datafield>
  <datafield tag="250" ind1="#" ind2="#">
   <subfield code="a">3rd ed..</subfield>
  </datafield>
  <datafield tag="260" ind1="#" ind2="#">
   <subfield code="a">Phoenix, Ariz..: </subfield>
   <subfield code="b">Oryx Press, </subfield>
   <subfield code="c">2001..</subfield>
  </datafield>
  <datafield tag="300" ind1="#" ind2="#">
   <subfield code="a">536 p.: </subfield>
   <subfield code="b">ill. ;; </subfield>
   <subfield code="c">29 cm..</subfield>
  </datafield>
  <datafield tag="504" ind1="0" ind2="0">
   <subfield code="a">Includes bibliographical references and index</subfield>
  </datafield>
  <datafield tag="650" ind1="0" ind2="0">
   <subfield code="a">Government publications -- </subfield>
   <subfield code="x">Bibliography. -- </subfield>
   <subfield code="z">United States </subfield>
  </datafield>
  <datafield tag="650" ind1="0" ind2="0">
   <subfield code="a">Electronic information resources -- </subfield>
   <subfield code="x">Handbooks, manuals, etc. -- </subfield>
   <subfield code="z">United States </subfield>
  </datafield>
  <datafield tag="650" ind1="0" ind2="0">
   <subfield code="a">Government publications -- </subfield>
   <subfield code="x">Handbooks, manuals, etc. -- </subfield>
   <subfield code="z">United States </subfield>
  </datafield>
  <datafield tag="700" ind1="1" ind2="1">
   <subfield code="a">Moody, </subfield>
   <subfield code="h">Marilyn K. </subfield>
  </datafield>
  <datafield tag="999" ind1=" " ind2=" ">
   <subfield code="a">1100007479</subfield>
   <subfield code="b">Book</subfield>
   <subfield code="c">Open Shelf</subfield>
   <subfield code="e">KOLEKSI TERBUKA</subfield>
  </datafield>
 </record>
</collection>
